000 00301nam a22001337a 4500
008 170809b xxu||||| |||| 00| 0 eng d
020 _a9780131580510
041 _aeng
080 _a004
100 _a35
101 _aSHK
245 _aC++ CLASSES AND DATA STRUCTURES
_cCHILDS,J.S
942 _2udc
_cBK
999 _c22941
_d22941